000 00311nam a22001457a 4500
008 210312b ||||| |||| 00| 0 eng d
020 _a403103901876
041 _aeng
080 _a82
082 _a82
100 _a21
101 _aGJL
245 _aThe Space of Literature
_cBlanchot, M
942 _2udc
_cBK
999 _c56531
_d56531